प्रकाश और वर्ण : (Record no. 120705)
[ view plain ]
| 000 -LEADER | |
|---|---|
| fixed length control field | 01205nam a22002537a 4500 |
| 005 - DATE AND TIME OF LATEST TRANSACTION | |
| control field | 20170124103202.0 |
| 010 ## - LIBRARY OF CONGRESS CONTROL NUMBER | |
| LC control number | 419922 |
| 020 ## - INTERNATIONAL STANDARD BOOK NUMBER | |
| Terms of availability | 11.50 |
| 035 ## - SYSTEM CONTROL NUMBER | |
| System control number | 419922 |
| 037 ## - SOURCE OF ACQUISITION | |
| Source of stock number/acquisition | Cen Lib/Ret |
| 040 ## - CATALOGING SOURCE | |
| Original cataloging agency | DPL |
| Language of cataloging | HN |
| 082 ## - DEWEY DECIMAL CLASSIFICATION NUMBER | |
| Classification number | 535.6 |
| Item number | मिनैर्ट |
| 100 ## - MAIN ENTRY--PERSONAL NAME | |
| Personal name | मिनैर्ट, एम. |
| 9 (RLIN) | 92038 |
| 245 ## - TITLE STATEMENT | |
| Title | प्रकाश और वर्ण : |
| Statement of responsibility, etc | एम.मिनैर्ट ; अनुवादक भगवतीप्रसाद श्रीवास्तव |
| Remainder of title | का स्वरुप खुली हवा में / |
| 246 ## - VARYING FORM OF TITLE | |
| Title proper/short title | Prakash aur varn : ka swaroop, khuli hawa me / |
| Remainder of title | by M. Mairt ; anuvadak bhagaviprasad Shivastava |
| 260 ## - PUBLICATION, DISTRIBUTION, ETC. (IMPRINT) | |
| Place of publication, distribution, etc | उत्तर प्रदेश |
| Name of publisher, distributor, etc | सूचना विभाग |
| Date of publication, distribution, etc | 1962 |
| 270 ## - ADDRESS | |
| City | उत्तर प्रदेश |
| 300 ## - PHYSICAL DESCRIPTION | |
| Extent | 433पृ. |
| Dimensions | 22सेमी(सजिल्द ) |
| 500 ## - GENERAL NOTE | |
| General note | परिशिष्ट शामिल |
| 650 ## - SUBJECT ADDED ENTRY--TOPICAL TERM | |
| Topical term or geographic name as entry element | प्रकाश और वर्ण |
| General subdivision | |
| Geographic subdivision | |
| 9 (RLIN) | 92039 |
| 650 ## - SUBJECT ADDED ENTRY--TOPICAL TERM | |
| Topical term or geographic name as entry element | Light and characters |
| 9 (RLIN) | 92040 |
| 700 ## - ADDED ENTRY--PERSONAL NAME | |
| Personal name | श्रीवास्तव, भगवतीप्रसाद |
| 9 (RLIN) | 42919 |
| 942 ## - ADDED ENTRY ELEMENTS (KOHA) | |
| Source of classification or shelving scheme | Dewey Decimal Classification |
| Koha item type | Hindi Books |
| Classification part | 535.6 |
| Call number suffix | मिनैर्ट |
| Withdrawn status | Lost status | Damaged status | Not for loan | Home library | Current library | Date acquired | Source of acquisition | Cost, normal purchase price | Total Checkouts | Full call number | Barcode | Date last seen | Copy number | Cost, replacement price | Price effective from | Koha item type |
|---|---|---|---|---|---|---|---|---|---|---|---|---|---|---|---|---|
| Central Library | Central Library | 28/09/2015 | Cen Lib/Ref | 11.50 | 535.6 मिनैर्ट | 419922 | 28/09/2015 | 1 | 11.50 | 28/09/2015 | Hindi Books |
